Państwa z najszybszym i najwolniejszym internetem - Statystyki

Ogólne statystyki
  • Ten quiz został rozwiązany 14 razy
  • Średni wynik to 5 z 19
Statystyki odpowiedzi
# Państwo Szybkość internetu % Poprawnych
5 Chiny 280,01 mb/s
83%
7 Francja 271,33 mb/s
58%
6 Szwajcaria 278 mb/s
58%
2 Singapur 300,83 mb/s
50%
8 Dania 270,27 mb/s
42%
10 Tajlandia 260,54 mb/s
33%
1 Kuba 7,21 mb/s
25%
1 Monako 319,59 mb/s
25%
4 Burundi 9,62 mb/s
17%
9 Rumunia 260,97 mb/s
17%
7 Sudan 11,34 mb/s
17%
3 Afganistan 9,28 mb/s
8%
3 Chile 298,5 mb/s
8%
5 Gambia 10,63 mb/s
8%
8 Jemen 11,44 mb/s
8%
6 Syria 11,06 mb/s
8%
10 Tunezja 11,88 mb/s
8%
2 Turkmenistan 8,84 mb/s
8%
9 Mozambik 11,51 mb/s
0%
Nie znaleziono quizów pasujących do podanych kryteriów
Rozkład punktacji
Procent ludzi z każdym wynikiem
Percentyl według liczby udzielonych odpowiedzi
Twoja historia wyników
Nie rozwiązałeś tego quizu